000 01172nam a2200289Ia 4500
003 PE SENCICO BE
005 20251020182439.0
008 200515s9999 xx 000 0 und d
020 _a84-03-20040-4
040 _aPE SENCICO BE
_cPE SENCICO BE
041 _aspa
082 _a526.9
_bD19 1971
100 1 _aDavis, Raymond E.
_93240
_eautor
245 1 0 _aTratado de topografía /
_cRaymond E. Davis, Francis S. Foote, Joe W. Kelly
250 _a3a ed.
260 _aMadrid :
_bAguilar ;
_c1971.
_cReimp. 1976
300 _a977 páginas :
_bilustraciones, tablas, gráficos ;
_c21 cm.
490 _aColección ciencia y técnica
520 _aDescribe con detalle los aparatos y métodos modernos en topografía, los teodolitos, las técnicas electrónicas de localización y medición de distancias e instrumentos fotogramétricos para el trazado de planos, así como su empleo y el de calculadoras electr
650 1 0 _aTopografía
_94
650 2 0 _aInstrumentos de topografía
_9997
650 2 0 _aCartografía
_91
650 2 0 _aFotogrametría
_9120
700 1 _93241
_aFoote, Francis S.
_eautor
700 1 _93242
_aKelly, Joe W.
_eautor
942 _cLIB
_2ddc
999 _c482
_d482